000 00319nam a2200109Ia 4500
008 200302s9999 xx 000 0 und d
100 _aK G Krishnamurthy and S V Ravindra
245 _aConstruction and Project Management 2nd ed.
260 _bCBS Publishers and Distributors Pvt. Ltd
260 _c2017
300 _a410 P.,
999 _c4994
_d4994